000 01133cam a2200289 i 4500
001 20037805
003 OSt
005 20250709110710.0
008 170927s2019 nyua b 001 0 eng
010 _a 2017043368
020 _a9789356064270
040 _aDLC
_beng
_cDLC
_erda
_dDLC
042 _apcc
050 0 0 _aHD58.7
_b.R62 2019
082 0 0 _a658.3
_bROB/O
100 _aRobbins, Stephen P
_d1943-
_eauthor.
_91502
245 1 0 _aOrganizational behavior /
_cStephen P. Robbins, San Diego State University, Timothy A. Judge, The Ohio State University, Neharika Vohra, Indian Institute of Management Ahmedabad
250 _aUpdated 18th edition.
264 1 _aNew York, NY :
_bPearson,
_c[2022]
300 _axxxii, 796 pages :
_bcolor illustrations ;
_c28 cm
338 _avolume
_bnc
_2rdacarrier
504 _aIncludes bibliographical references and indexes.
650 0 _aOrganizational behavior.
700 1 _aJudge, Tim,
_eauthor.
942 _2ddc
_cBK
_h658.3
_iROB/O
_k658.3
_mROB/O
999 _c44445
_d44445